The Changing in Welfare of Older People Compared to Previous Generations; The European Proceedings of Social & Behavioural Sciences (EpSBS); Vol. 7 : Lifelong Wellbeing in the World (WELLSO 2015)

書目詳細資料
Parent link:The European Proceedings of Social & Behavioural Sciences (EpSBS)
Vol. 7 : Lifelong Wellbeing in the World (WELLSO 2015).— 2016.— [P. 155-159]
主要作者: Silifonova E. V. Ekaterina Valerievna
企業作者: Национальный исследовательский Томский политехнический университет (ТПУ) Институт социально-гуманитарных технологий (ИСГТ) Кафедра экономики (ЭКОН)
其他作者: Dukart S. A. Sergey Aleksandrovich
總結:Title screen
The aim of the study is to examine such a question as: are older people today better off than older people from previous generations in terms of financial and social resources? And also we’ll try to answer the question whether increasing live expectancy is a result of improvement of living conditions for older people or it is the only result of medical science achievements. The paper investigates how the changes in population aged proportion influence on conditions of live of the older people, is it become better than the live of previous generations or not? Also data of such countries as UK and Russia are compared in order to see the differences and similarities and try to give some kind of recommendations. The article examines the determinants of the quality of life of older people such as life expectancy, income, social and marital support, the impact of innovation and how these factors changed over the past decades.
Режим доступа: по договору с организацией-держателем ресурса
語言:英语
出版: 2016
主題:
在線閱讀:http://dx.doi.org/10.15405/epsbs.2016.02.21
http://earchive.tpu.ru/handle/11683/33301
格式: 電子 Book Chapter
KOHA link:https://koha.lib.tpu.ru/cgi-bin/koha/opac-detail.pl?biblionumber=646866

MARC

LEADER 00000nla2a2200000 4500
001 646866
005 20240214133915.0
035 |a (RuTPU)RU\TPU\network\12003 
035 |a RU\TPU\network\12001 
090 |a 646866 
100 |a 20160318a2016 k y0engy50 ba 
101 0 |a eng 
105 |a y z 100zy 
135 |a drgn ---uucaa 
181 0 |a i  
182 0 |a b 
200 1 |a The Changing in Welfare of Older People Compared to Previous Generations  |f E. V. Silifonova, S. A. Dukart 
203 |a Text  |c electronic 
300 |a Title screen 
320 |a [References: p. 159 (13 tit.)] 
330 |a The aim of the study is to examine such a question as: are older people today better off than older people from previous generations in terms of financial and social resources? And also we’ll try to answer the question whether increasing live expectancy is a result of improvement of living conditions for older people or it is the only result of medical science achievements. The paper investigates how the changes in population aged proportion influence on conditions of live of the older people, is it become better than the live of previous generations or not? Also data of such countries as UK and Russia are compared in order to see the differences and similarities and try to give some kind of recommendations. The article examines the determinants of the quality of life of older people such as life expectancy, income, social and marital support, the impact of innovation and how these factors changed over the past decades. 
333 |a Режим доступа: по договору с организацией-держателем ресурса 
461 0 |0 (RuTPU)RU\TPU\network\11959  |t The European Proceedings of Social & Behavioural Sciences (EpSBS) 
463 0 |0 (RuTPU)RU\TPU\network\11960  |t Vol. 7 : Lifelong Wellbeing in the World (WELLSO 2015)  |o II International Scientific Symposium, 18-22 May 2015, Tomsk, Russian Federation  |o [proceedings]  |f National Research Tomsk Polytechnic University (TPU)  |v [P. 155-159]  |d 2016 
610 1 |a электронный ресурс 
610 1 |a труды учёных ТПУ 
610 1 |a благосостояние 
610 1 |a пожилые люди 
610 1 |a финансовые ресурсы 
610 1 |a социальные ресурсы 
610 1 |a условия жизни 
700 1 |a Silifonova  |b E. V.  |c economist  |c Associate Professor of Tomsk Polytechnic University, Candidate of Economic Sciences  |f 1986-  |g Ekaterina Valerievna  |3 (RuTPU)RU\TPU\pers\36432  |9 19486 
701 1 |a Dukart  |b S. A.  |c economist  |c Associate Professor of Tomsk Polytechnic University, candidate of historical sciences  |f 1970-  |g Sergey Aleksandrovich  |3 (RuTPU)RU\TPU\pers\36431  |9 19485 
712 0 2 |a Национальный исследовательский Томский политехнический университет (ТПУ)  |b Институт социально-гуманитарных технологий (ИСГТ)  |b Кафедра экономики (ЭКОН)  |3 (RuTPU)RU\TPU\col\18375 
801 2 |a RU  |b 63413507  |c 20161123  |g RCR 
856 4 |u http://dx.doi.org/10.15405/epsbs.2016.02.21 
856 4 |u http://earchive.tpu.ru/handle/11683/33301 
942 |c CF